| 000 | 00724nam a2200265Ia 4500 | ||
|---|---|---|---|
| 003 | OSt | ||
| 005 | 20221007111125.0 | ||
| 006 | a|||||r|||| 00| 0 | ||
| 007 | ta | ||
| 008 | 221006b |||||||| |||| 00| 0 eng d | ||
| 024 | _a22,617 | ||
| 037 | _cTextual | ||
| 040 |
_aLCO _cLCO _beng |
||
| 041 |
_2eng _aeng |
||
| 082 | _aX72:(Z), L2 | ||
| 100 | _aKudsia Jitendra | ||
| 245 | 0 | _aEconomic Theory and Tax Practices | |
| 260 |
_aNew _bDelhi Oxford & IBH Publishing Co. India _c1972 |
||
| 300 | _a502+xvii | ||
| 650 | _aTAX | ||
| 700 |
_a Batra S.C.L. _9708270 |
||
| 700 | _a Jain Rajendra | ||
| 942 |
_hX72:(Z), L2 _cTEXL |
||
| 999 |
_c1192180 _d1192180 |
||